| 000 | 00734nam a2200229Ia 4500 | ||
|---|---|---|---|
| 003 | GCL | ||
| 008 | 140319s9999 xx 000 0 ara d | ||
| 040 |
_aGCL / _cGCL |
||
| 082 | 0 | 4 |
_a780.92 _bخ ن |
| 100 | 1 | _aمحمود كامل | |
| 245 | 1 | 0 |
_aالنصوص الكاملة لجميع اغانى كوكب الشرق ام كلثوم / _cمحمود كامل |
| 700 | 1 | _aخليل المصرى | |
| 700 | 1 | _aاحمد شفيق ابوعوف | |
| 490 | _a | ||
| 650 | 0 | 4 | _aالموسيقى |
| 650 | 0 | 4 | _aالموسيقيون المصريون |
| 650 | 0 | 4 | _aالاغانى |
| 650 | 0 | 4 | _aام كلثوم |
| 650 | 0 | 4 | _aالتأليف الموسيقى |
| 650 | 0 | 4 | _aالشعر العربى - العصر الحديث |
| 942 |
_2ddc _cBK |
||
| 999 |
_c37861 _d37861 |
||